| 000 | 00725nam a22002297a 4500 | ||
|---|---|---|---|
| 003 | NALT | ||
| 005 | 20210325203405.0 | ||
| 008 | s2009 eng d | ||
| 020 | _a9781599413693 | ||
| 040 | _aNALT | ||
| 041 | _aeng | ||
| 090 |
_aKR 12.U5 _bK36C 2009 |
||
| 100 | 0 |
_aKang, Jerry _950944 |
|
| 245 | 1 | 0 |
_aCommunications law and policy : _bcase and policy / _cJerry Kang |
| 250 | _a3rd ed | ||
| 260 |
_aNew York : _bFoundation press, _c2009 |
||
| 300 |
_a960 p. ; _c26 cm. |
||
| 650 | 0 | 4 |
_aMass media _950945 _xLaw and legislation _zUnited States |
| 850 | _aNALT | ||
| 942 |
_cLB _2lcc |
||
| 998 |
_bภัลลิกา บุษมงคล _j109 _k อารีรัตน์ วิชาช่าง |
||
| 999 |
_c58049 _d58049 |
||